00328nam a2200121Ia 4500008004100000245006500041260001700106260000900123300000900132650002300141650001200164856003000176170516s9999 xx 000 0 und d aMultidisciplinary Efforts Driving Translational Theranostics bTheranostics c2014 a4:12 xMedical Technology xMedtech uhttp://www.thno.org/v4i12